000 00543nmm a2200169Ia 4500
008 251105s9999||||xx |||||||||||||||||und||
020 _a9788437054872
041 _aspa
100 _aCervera Salinas, Vicente
245 0 _aLos reinos de Santayana
264 _a[Madrid, España] :
_bPublicaciones de la Universidad de Valencia (PUV),
_c2002
300 _a204 páginas
490 _aBiblioteca Javier Coy d'estudis nord-americans
650 _aSpanish literature
856 _uhttps://public.digitaliapublishing.com/a/35018
942 _cCF
999 _c82281
_d82281